000 01170nam a2200337 i 4500
003 EG-GICUC
005 20260121134029.0
008 260121s1960 ua ||||fr|||| 00| 0 ara d
040 _a EG-GICUC
_bara
_c EG-GICUC
_d EG-GICUC
_erda
041 0 _aara
082 0 4 _221
_a341.66
_bج و . ن
092 0 4 _221
099 _aLaw1 11 341.66 ج و . ن 1960
100 1 _aستراشي,جون
_eمؤلف.
245 1 2 _aنهاية الإستعمار /
_cجون ستراشي.
246 _aThe End Of Empire
264 1 _aمصر :
_bالدار القومية للطباعة و النشر ,
_c1960 .
300 _aصفحة؛ 252
_c24 سم
336 _2rda content
_atext
337 _2rda media
_aComputer
338 _2rda carrier
_aOnline Resource
546 _aالنص باللغة العربية مترجم من الانجليزية
650 0 4 _aالقانون الدولي العام
650 0 4 _aنهاية الحرب
651 1 _2qrmak
700 _aحسين الحوت
_eمترجم.
700 _aمحمود حسين حلمي
_eمترجم.
856 4 0 _uhttps://fll.law.cu.edu.eg/fulltext/bks/B11-04440.pdf
905 _a59
942 _2ddc
_cBK
_e21
_n0
999 _c58408
_d58408